000 01828nam a2200481 i 4500
001 10771
003 KOSZ 005
005 20200228084628.0
008 200228s1966 pl a f f 001 0 pol
015 _aPB 1966/8057
035 _a991037178829705066
035 _a(PL-WaBN)b1997467x-48omnis_nlop
035 _ab1997467x
035 _a(OCoLC)751434227
035 _a(PL)b0000001997467
035 _a(EXLNZ-48OMNIS_NETWORK)9910043005005606
040 _aWA N
_cWA N
_dKOSZ 005/RW
046 _k1966
080 _a624.131
100 1 _aJeske, Tadeusz
_eAutor
245 1 0 _aMechanika gruntów /
_cTadeusz Jeske ; Tadeusz Przedecki ; Bolesław Rossiński ;[recenzent prof. dr inż. Igor Kisiel].
260 _aWarszawa :
_bPaństwowe Wydawnictwo Naukowe,
_c1966.
300 _a431, [1] stron, [1] strona tablic :
_bilustracje ;
_c24 cm.
336 _aTekst
_btxt
_2rdacontent
337 _aBez urządzenia pośredniczącego
_bn
_2rdamedia
338 _aWolumin
_bnc
_2rdacarrier
380 _aKsiążki
380 _aPublikacje dydaktyczne
388 _a1901-2000
504 _aBibliografia przy rozdziałach. Indeks.
521 8 _aKsiążka przeznaczona jest dla studentów Wydziałów Budowlanych Wyższych Szkół Akademickich.
650 7 _aMechanika gruntów
_2DBN
655 7 _aPodręczniki akademickie
_2DBN
658 _aArchitektura i budownictwo
658 _aInżynieria i technika
700 1 _aPrzedecki, Tadeusz
_eAutor
700 1 _aRossiński, Bolesław
_d(1903-1995)
_eAutor
700 1 _aKisiel, Igor
_d(1910-1988)
_eRecenzja
710 2 _aPaństwowe Wydawnictwo Naukowe
_4pbl
856 _uhttp://koha.tu.koszalin.pl/cgi-bin/koha/opac-detail.pl?biblionumber=10771
_yKatalog online BPK
942 _2UKD
_cKS
999 _c10771
_d10771